| 000 | 00789nam a22002177a 4500 | ||
|---|---|---|---|
| 005 | 20140925125644.0 | ||
| 010 | _aENG-110909-910 | ||
| 020 |
_a9789351432326 (set of 2 vols.) _c2195.00(set of 2 vols.) |
||
| 020 |
_a9789351432678 (v.1) _c2195.00(set of 2 vols.) |
||
| 020 |
_a9789351432685(v.2) _c2195.00(set of 2 vols.) |
||
| 035 | _aEN-94441-442 | ||
| 037 | _bDBAD/PUB | ||
| 082 | _a343.540552 | ||
| 100 | _aMittal, J.K. | ||
| 245 |
_aLaw, practice and procedure of service tax / _cby J.K. Mittal |
||
| 250 | _a28th ed | ||
| 260 |
_aGurgaon _bLexis Nexis _c2014 |
||
| 270 |
_a14th Floor, Building No.10, Tower-B, DLF Cyber City, Phase-II _bGurgaon _e122002 |
||
| 300 |
_a2v.( xiv, 844p., lxxxix; xiv, 846-1884p.) _c25cm(pbk) |
||
| 942 |
_2ddc _cEN _mMIT _h343.540552 |
||
| 999 |
_c88826 _d88826 |
||